Sports Quiz

Random Sports or NBA Quiz
Score 0/50 Timer 10:00
0 Plays Today
Player Team % Correct
Kareem Abdul-JabbarLos Angeles Lakers
99.1%
Larry BirdBoston Celtics
87.1%
Wilt ChamberlainLos Angeles Lakers
84.1%
Michael JordanWashington Wizards
78.6%
Julius ErvingPhiladelphia 76ers
78.3%
Magic JohnsonLos Angeles Lakers
78%
Charles BarkleyHouston Rockets
76.8%
Karl MaloneLos Angeles Lakers
75.4%
Elgin BaylorLos Angeles Lakers
73.9%
John StocktonUtah Jazz
73.3%
Kevin McHaleBoston Celtics
72.9%
Bill RussellBoston Celtics
72.2%
David RobinsonSan Antonio Spurs
72.1%
Isiah ThomasDetroit Pistons
71.9%
Jerry WestLos Angeles Lakers
71.6%
Clyde DrexlerHouston Rockets
71.5%
Shaquille O'Neal (still active)Cleveland Cavaliers
71.3%
John HavlicekBoston Celtics
70.8%
James WorthyLos Angeles Lakers
69.5%
George MikanMinneapolis Lakers
63.3%
Willis ReedNew York Knicks
61.8%
Bill WaltonBoston Celtics
61.2%
Sam JonesBoston Celtics
60.9%
Patrick EwingOrlando Magic
60.4%
Scottie PippenChicago Bulls
58.1%
Player Team % Correct
Oscar RobertsonMilwaukee Bucks
55.4%
Hakeem OlajuwonToronto Raptors
55%
Bob PettitSaint Louis Hawks
51.5%
Dave DeBusschereNew York Knicks
49.7%
Earl MonroeNew York Knicks
49.4%
Wes UnseldWashington Bullets
48.2%
Robert ParishChicago Bulls
46.2%
Bill SharmanBoston Celtics
41.9%
Hal GreerPhiladelphia 76ers
40.7%
Billy CunninghamPhiladelphia 76ers
40.3%
Pete MaravichBoston Celtics
37.1%
George GervinChicago Bulls
35.2%
Elvin HayesHouston Rockets
34.3%
Dolph SchayesPhiladelphia 76ers
30.7%
Paul ArizinPhiladelphia Warriors
30.3%
Jerry LucasNew York Knicks
28.7%
Bob CousyCincinnati Royals
24.4%
Rick BarryHouston Rockets
24.3%
Moses MaloneSan Antonio Spurs
24.2%
Walt FrazierCleveland Cavaliers
20.7%
Tiny ArchibaldMilwaukee Bucks
20.5%
Dave BingBoston Celtics
20.5%
Dave CowensMilwaukee Bucks
19.1%
Nate ThurmondCleveland Cavaliers
14.8%
Lenny WilkensPortland Trail Blazers
7.4%

You're not logged in!

Compare scores with friends on all Sporcle quizzes.
OR
Log In

Sporcle TV

Today on Sporcle TV


Watch our educational content, quiz creation guides, and fun videos on Sporcle TV.

Show Comments

Extras

Top Quizzes Today


Score Distribution

Paid Content

Your Account Isn't Verified!

In order to create a playlist on Sporcle, you need to verify the email address you used during registration. Go to your Sporcle Settings to finish the process.

Report this User

Report this user for behavior that violates our Community Guidelines.

Details: